[Event "CHN-chT (Women)"]
[Site "Hangzhou"]
[Date "2018.06.24"]
[Round "8.6"]
[White "Chu, Ruotong"]
[Black "Zhou, Peiqi"]
[Result "1-0"]
[WhiteElo "2247"]
[BlackElo "1278"]
[PlyCount "57"]
[EventDate "2018.06.19"]
[EventType "team-swiss"]
[EventRounds "9"]
[EventCountry "CHN"]
[SourceTitle "CBM 185 Extra"]
[Source "ChessBase"]
[SourceDate "2018.07.29"]
[SourceVersion "1"]
[SourceVersionDate "2018.07.29"]
[SourceQuality "1"]
[WhiteTeam "Tianjin (W)"]
[BlackTeam "Hefei Yuanshangyuan (W)"]
[WhiteTeamCountry "CHN"]
[BlackTeamCountry "CHN"]

1. d4 f5 2. Nc3 Nf6 3. Bg5 e6 4. e4 Be7 5. exf5 exf5 6. Bc4 c6 7. Bxf6 Bxf6 8. d5 d6 9. Qh5+ g6 10. Qh6 c5 11. Kf1 Nd7 12. Re1+ Kf7 13. h4 Ne5 14. Be2 Bd7 15. Nh3 Bxh4 16. f4 Ng4 17. Bxg4 fxg4 18. Nf2 Bxf2 19. Kxf2 Bf5 20. Ne4 Bxe4 21. Rxe4 Qf6 22. Re6 Qd4+ 23. Kg3 Qxd5 24. Re7+ Kxe7 25. Qg7+ Ke6 26. Re1+ Kf5 27. Qd7+ Kf6 28. Qe7+ Kf5 29. Qg5# 1-0